|
|
|
|
| LEADER |
00978nam a2200313 4500 |
| 001 |
DLU090067146 |
| 005 |
##20090407 |
| 040 |
# |
# |
|a DLU
|b eng
|
| 041 |
# |
# |
|a eng
|
| 044 |
# |
# |
|a US
|
| 100 |
# |
# |
|a Friedman, Jannice
|
| 245 |
# |
# |
|a A phylogenetic analysis of the evolution of wind pollination in the angiosperms /
|c Jannice Friedman, Spencer C. H. Barrett.
|
| 653 |
# |
# |
|a Anemophily
|
| 653 |
# |
# |
|a Comparative analysis
|
| 653 |
# |
# |
|a Correlated evolution
|
| 653 |
# |
# |
|a Ecological correlates
|
| 653 |
# |
# |
|a Morphological correlates
|
| 653 |
# |
# |
|a Pollination
|
| 700 |
# |
# |
|a Barrett, Spencer C. H.
|
| 773 |
# |
# |
|t International Journal of Plant Sciences
|g Vol. 169, no. 1 (January 2008), p. 49-58
|
| 920 |
# |
# |
|a Phòng Tạp chí -- Trung tâm Thông tin - Thư viện Trường Đại học Đà Lạt
|
| 994 |
# |
# |
|a DLU
|
| 900 |
# |
# |
|a True
|
| 911 |
# |
# |
|a Trương Bảo Trâm Anh
|
| 925 |
# |
# |
|a G
|
| 926 |
# |
# |
|a A
|
| 927 |
# |
# |
|a BB
|
| 980 |
# |
# |
|a Thư viện Trường Đại học Đà Lạt
|